Quick Pick: 'H' Food Quiz Stats

 Plays Quiz Updated May 5, 2018

Challenge
Share
Tweet
Embed
Score 0/15 Timer 01:00
2 Plays Today
% Correct
hamburger
97.9%
hazelnut
97.1%
horseradish
95.8%
hummus
94.9%
herring
93.5%
halibut
93.4%
honeycomb
91.9%
haggis
90%
% Correct
hoagie
87.1%
hoecake
78.3%
hushpuppy
75.1%
hominy
64.5%
halloumi
56.5%
harissa
51.1%
hijiki
24.6%

Today's Daily Dose

Missing Word
Entertainment 'L'

Word Ladder
Fingers

Quick Pick
When in Rome

On This Day
December 15th II

You're not logged in!

Compare scores with friends on all Sporcle quizzes.
OR
Log In

You Might Also Like...

Show Comments

Extras

Top Quizzes Today


Score Distribution

Your Account Isn't Verified!

In order to create a playlist on Sporcle, you need to verify the email address you used during registration. Go to your Sporcle Settings to finish the process.

Report this User

Report this user for behavior that violates our Community Guidelines.

Details: